Responses for Show #4844 - Thursday, October 6, 2005

Jason Richards game 4.

Contestants

[<< previous game]

Brendan Beier, a graduate student originally from Pleasantville, New York

Helen Kaluzny, a freelance broadcast journalist from Waterloo, Ontario, Canada

Jason Richards, a pharmacy technician from Old Town, Maine (whose 3-day cash winnings total $78,800)

[next game >>]

Jeopardy! Round responses

WHEN YOU GET THE MONEY
YOU GET THE POWER...
THEN YOU GET THE WOMEN
TONY MONTANA
SCARFACE
ALL OF OUR "STONE"
    $200 6
Donald Trump

Jason
    $200 21
coal

Jason
    $200 10
Jennifer Garner

Jason
    $200 27
(St.) Helen

Brendan
    $200 9
Time

Brendan
    $200 1
the Blarney Stone

Jason
    $400 7
Howard Hughes

Brendan
    $400 22
the sun (or solar energy)

Brendan
    $400 11
Nicole Kidman

Jason
    $400 30
(Alex: Think of "cataracts", think of "falls"--[*]. That's what we were going for.)

Great Falls

Triple Stumper
    $400 17
the St. Valentine's Day Massacre

Helen
    $400 2
[Laughter]
(Alex: ...sometimes literally.)

the cornerstone

Triple Stumper
    $600 8
Carnegie

Helen
    $600 23
(Alex: You see a lot of them here in Southern California. [*] turbines.)

wind

Triple Stumper
    $600 12
Roseanne Barr

Helen
    $600 26
Yellowstone

Triple Stumper
    $600 18
a gun

Helen
    $600 3
brimstone

Jason
    $1,500 15
(Alex: Wondered when you guys would get back to it. How much money are you going to try to get?)
(Jason: $1500.)

Teresa Heinz-Kerry

Jason
    $800 24
natural gas

Helen
    $800 13
(Jason: Who is Jennifer Aniston?)

Angelina Jolie

JasonHelen
    $800 29
Washington, D.C.

Brendan
    $800 19
tax evasion

Jason
    $800 4
Stonewall Jackson

Jason
    $1000 16
(Alex: Has a new hotel out with his own name.)

Steve Wynn

Helen
    $1000 25
nuclear energy

Helen
    $1000 14
(Alex: Yes, Mrs. Warren Beatty.)

Annette Bening

Jason
    $1000 28
(Jason: What is Boseman?)
(Helen: What is Butte?)

Missoula

JasonHelen
Triple Stumper
    $1000 20
(Alex: That was the beautiful resort community of [*].)

Alcatraz

Triple Stumper
    $1000 5
the Rosetta Stone

Brendan

Scores at the first commercial break (after clue 15):

Jason Helen Brendan
$4,100 $2,000 $1,600

Scores at the end of the Jeopardy! Round:

Jason Helen Brendan
$4,100 $4,800 $3,000

Double Jeopardy! Round responses

THE SHAW FESTIVAL
BOYS IN THE BAND
ON THE BATTLEFIELD
MR. JOHNSON
PICTURES AT AN EXHIBITION
THE STORY OF "O"
    $400 22
Ontario

Jason
    $400 7
(Alex: Hello. Helen.)
(Helen: What is [*]?)
(Alex: [*] is right. Why did I call you "Hello"?)
[Laughter]

U2

Helen
    $400 2
King Harold

Jason
    $400 17
Lyndon Johnson

Jason
    $400 1
Jackson Pollock

Jason
    $400 12
Oscar

Jason
    $800 23
1984

Jason
    $800 8
Duran Duran

Jason
    $800 3
Stalingrad

Jason
    $800 18
Andrew Johnson

Jason
    $800 27
Roy Lichtenstein

Triple Stumper
    $800 13
origami

Brendan
    $1200 24
Somerset Maugham

Jason
    $1200 9
Led Zeppelin

Jason
    $3,500 4
Gallipoli

Jason
    $1200 19
Michael Johnson

Jason
    $4,000 28
(Alex: Well now, you have a $22,600 lead, lead I say!)
(Jason: Yeah... This is not a strong suit for me, so I'm just going to say $4,000.)
(Alex: Okay. That's easy to say. Now, here's the clue.)
...
(Alex: You are right. By Johannes Vermeer.)

The Girl with a Pearl Earring

Jason
    $1200 14
Olympic

Jason
    $1600 25
Major Barbara

Helen
    $1600 10
R.E.M.

Jason
    $1600 5
Balaclava

Triple Stumper
    $1600 20
Jack Johnson

Jason
    $1600 29
M.C. Escher

Brendan
    $1600 15
the Oort Cloud

Jason
    $2000 26
Bertolt Brecht

Jason
    $2000 11
(Helen: What is Genesis?)

Def Leppard

Helen
Triple Stumper
    $2000 6
(Helen: Who are the Masai?)
...
(Alex: Two films, very good films, made about events at that time.)

the Zulu

Helen
Triple Stumper
    $2000 21
(Alex: Jason, you're at $22,000 and we still have almost two full categories left.)

John H. Johnson

Triple Stumper
    $2000 30
Magritte

Brendan
    $2000 16
Odense

Jason

Scores at the end of the Double Jeopardy! Round:

Jason Helen Brendan
$30,400 $2,800 $7,400
(lock game)

[wagering suggestions for these scores]

Final Jeopardy! Round responses

PUBLICATIONS
HelenWhat is the Wall St. Journal?
$2,799
BrendanWhat is the Saturday Evening
$1,800
JasonWhat is Reader's Digest?
$10,000
The Wall Street Journal

Final scores:

Jason Helen Brendan
$20,400 $5,599 $5,600
4-day champion: $99,200 3rd place: $1,000 2nd place: $2,000

Game dynamics:

Coryat scores:

Jason Helen Brendan
$24,600 $2,800 $7,400
30 R
(including 3 DDs),
2 W
10 R,
3 W
9 R,
0 W

Combined Coryat: $34,800

[game clues] [game scores] [suggest correction]

Game tape date: 2005-07-27
The J! Archive is created by fans, for fans. Scraping, republication, monetization, and malicious use prohibited; this site may use cookies and collect identifying information. See terms. The Jeopardy! game show and all elements thereof, including but not limited to copyright and trademark thereto, are the property of Jeopardy Productions, Inc. and are protected under law. This website is not affiliated with, sponsored by, or operated by Jeopardy Productions, Inc. Join the discussion at JBoard.tv.